Považská Bystrica a okolie 1.

Bibliographic Details
Other Authors: Reiter, Ľudovít, 1915-1999 (Compiler), Arbet, A. (Photographer), Mikušíková-Pavlíková, Máša, 1914-2001 (Lyricist)
Format: Book
Language:Slovak
PhysicalDescription:38, [4] s. ilustr., fotogr., mp. prieč. 8°
Published: Banská Bystrica Stredoslovenské vydavateľstvo 1968
Subjects:

MARC

LEADER 00000cam a2200000 a 4500
001 vtls008308331
003 SK-MaSNL
005 20260301122927.0
008 251124s1968 xo 000 0 slo
015 |a SNBA1968/02-00239 
035 |a SK01SNK19680000548 
035 |a urn:nbn:sk:snk-am3hfie 
035 |a 7F51FB27-27EF-44F0-8404-A262E21147B0 
035 |a urn:nbn:sk:snk-am00cyie 
035 |a SKM000003011 
040 |a SNK  |b slo  |c SNK  |e AACR2 
041 1 |a slo 
044 |a xo  |c SK 
080 |a 914.37653)(083.8)  |2 1981 
245 0 0 |a Považská Bystrica a okolie  |n 1.  |c [zost. Ľudovít Reiter ; text: Máša Mikušíková... ; fot.: A. Arbet ...] 
260 |a Banská Bystrica  |b Stredoslovenské vydavateľstvo  |c 1968  |e Liptovský Mikuláš  |f Tlačiarne SNP 
300 |a 38, [4] s.  |b ilustr., fotogr., mp.  |c prieč. 8° 
500 |a Zozn. fot. Mp. 
651 7 |a Považská Bystrica (Slovensko)  |2 SNKPH  |9 28796 
655 7 |a turistickí sprievodcovia (publikácie)  |2 SNKPH  |9 191298 
700 1 |a Reiter, Ľudovít,  |d 1915-1999  |4 com  |9 49124 
700 1 |a Arbet, A.  |4 pht  |9 469170 
700 1 |a Mikušíková-Pavlíková, Máša,  |d 1914-2001  |4 lyr  |9 112856 
954 |a iná literatúra (príručky, kuchárske knihy, hobby literatúra, sprievodcovia) pôvodná (slovenská)  |2 lita 
958 |a OND 
958 |a TL 
958 |a RK 
958 |a EUIPO 
999 |c 734569  |d 736499 
952 |a SNK  |b SNK  |y PREZ  |7 0  |p 17A0744923  |o snkSE 4527  |0 0  |1 0  |4 0  |d 2011-11-09  |f 1  |l 0  |r 2026-02-23 22:40:44  |w 2026-02-23 
952 |t P60, <04>, [BOOK], {604}  |a SNK  |b SNK  |y VYP  |7 0  |p 17A0152664  |o snkSE 4527 D1  |0 0  |1 0  |4 0  |d 2001-12-08  |l 0  |r 2005-01-02 00:00:00  |w 2026-02-23